[Event "Interzonal-14b"]
[Site "Szirak"]
[Date "1987.??.??"]
[Round "2"]
[White "Marin, Mihail"]
[Black "Benjamin, Joel"]
[Result "1/2-1/2"]
[WhiteElo "2475"]
[BlackElo "2575"]
[Annotator "Marin,M"]
[PlyCount "121"]
[EventDate "1987.07.??"]
[EventType "tourn"]
[EventRounds "17"]
[EventCountry "HUN"]
[EventCategory "12"]
[SourceTitle "CBM 003"]
[Source "ChessBase"]
[SourceDate "1988.04.01"]
[SourceVersion "1"]
[SourceVersionDate "1988.04.01"]
[SourceQuality "1"]

1. d4 Nf6 2. c4 e6 3. Nc3 Bb4 4. e3 O-O 5. Nge2 Re8 6. a3 Bf8 7. d5 exd5 8.
cxd5 c5 9. Ng3 d6 10. Bd3 $5 (10. Be2) 10... Nbd7 11. O-O a6 12. a4 Qc7 13. e4
c4 (13... g6 14. h3 Bg7 {- A 65}) 14. Bc2 Nc5 (14... g6 $142) 15. Qd4 $1 $14
Bd7 (15... Nb3 16. Bxb3 cxb3 17. Qb4 (17. Ra3 $6 Nd7 18. Rxb3 g6 $44 {>< Qd4,
Rb3}) 17... Ng4 (17... Nd7 18. Qxb3 g6 19. Be3) 18. Qxb3 g6 19. h3 Ne5 20. Nd1
{/\ Bd2, Ne3, Rac1, Bc3+/-} h5 21. Ne3 h4 22. Ne2 Bg7 23. Bd2 Bd7 (23... Bxh3
24. f4) 24. Bc3 $16) 16. Qxc4 b5 17. Qd4 Ng4 (17... Nxa4 18. Bxa4 $1 (18. Nxa4
Qxc2 19. Nb6 Ra7 20. Nxd7 Rxd7 21. Rxa6 Nxe4 22. Rc6 Qb1 (22... Nc5 23. b4 Qd3
24. Qg4 $18) 23. Be3 Nxg3 $1 $10) 18... bxa4 19. Nxa4 $14) 18. h3 (18. f4 g6
19. h3 Bg7 20. Qd1 Nf6 21. axb5 axb5 22. Rxa8 Rxa8 23. Qf3 $16) 18... Ne5 19.
f4 Nc4 20. axb5 (20. b3 Na5 21. Rb1 bxa4 $1 22. bxa4 Rab8 $44 {>< b3, a4})
20... axb5 21. Rxa8 Rxa8 22. Nh5 $14 Na6 $2 (22... Na5 {>< b3} 23. Ne2 {/\ Rf3}
Nab3 24. Qe3 Nxc1 25. Rxc1 $14) 23. b3 Na5 24. Bb2 $5 (24. Bd1 {/\ Bb2} Nc5 $1)
(24. Rf3 $5) 24... b4 25. Nd1 $2 (25. Rf3 bxc3 26. Bxc3 (26. Rxc3) 26... Nb8 {
/\ Qa7} (26... Nb7 27. Rg3 Qc5 28. Nf6+ $18) (26... Qc5 27. Qxc5 Nxc5 28. b4
$18) 27. Nxg7 Qa7 28. Nh5 Qxd4+ 29. Bxd4 f6 30. Nxf6+ Kf7 31. e5 $18) 25...
Qxc2 26. Nf6+ Kh8 27. Nxd7 Nxb3 28. Qb6 Be7 $1 $13 29. Qc6 Qxc6 30. dxc6 Nd2 (
30... Rc8 31. Ne3 {/\ Nf5+/-}) 31. Rf2 (31. Re1 Nc4 {/\ Rc8}) 31... Nc4 (31...
Nxe4 32. Re2 {/\ Ne3+/-}) 32. Rc2 Nxb2 33. Nxb2 Nc7 34. Nd3 (34. Nc4 d5 35.
exd5 Nxd5 36. Ncb6 Nxb6 37. Nxb6 b3 $19) 34... d5 35. exd5 (35. e5 Ra6 36. Nc1
Ra3 37. f5 Bd8 $13) 35... Nxd5 36. N3e5 Kg8 37. Rd2 Nc7 (37... Nxf4 38. Nb6)
38. Kh2 f6 39. Nc4 Kf7 40. Ndb6 Rd8 41. Ra2 {/\ Ra7} Rd4 $1 $13 {>< Nc4, Nb6}
42. Ra7 Bd8 43. Ra4 (43. Na8 Rxc4 44. Nxc7 Bxc7 (44... Rxc6 45. Nd5+ $10) 45.
Rxc7+ Ke6 (45... Kg6 46. Rb7 $10) 46. Rxg7 h5 47. g4 $10) 43... Be7 44. Ra7 Bd8
45. Ra4 Rxf4 $5 (45... Be7 $10) 46. Rxb4 Rd4 47. Rb1 Ne6 48. Ra1 $6 (48. Rc1
$142) 48... h5 49. Kg1 Bc7 50. Rc1 Bf4 51. Rc2 Rd1+ 52. Kf2 h4 $1 (52... Nd4 $2
53. Nd5 $1 (53. g3 $2 Bc7 $1 $17) (53. Nb2 $2 Nxc2 54. Nxd1 Nb4 $15) 53... Nxc2
(53... Bb8 54. Nce3) 54. Nxf4 Ke8 (54... Rd8 55. c7 {/\ Nd6-+}) 55. c7 Kd7 56.
Ne6 {/\ Nb6} Rb1 57. Nd6 $18) 53. Nb2 Bg3+ 54. Ke3 Bf4+ 55. Kf2 Bg3+ 56. Ke3
Rd4 57. Nd3 (57. c7 $4 Bf4+ {/\ Nc7-/+}) 57... Bc7 58. Na8 Ra4 59. Nxc7 Nxc7
60. Kf3 Ke7 61. Nc5 {/\ Nb7=} 1/2-1/2

[Event "Metz op 30th"]
[Site "Metz"]
[Date "2012.04.17"]
[Round "6"]
[White "Bernadskiy, Vitaliy"]
[Black "Maiorov, Nikita"]
[Result "0-1"]
[WhiteElo "2464"]
[BlackElo "2552"]
[Annotator "Metz Alekhine/Primel,D"]
[PlyCount "46"]
[EventDate "2012.04.14"]
[EventType "swiss"]
[EventRounds "9"]
[EventCountry "FRA"]
[SourceTitle "EXT 2013"]
[Source "ChessBase"]
[SourceDate "2012.11.22"]
[SourceVersion "1"]
[SourceVersionDate "2012.11.22"]
[SourceQuality "1"]

1. d4 Nf6 {01h30} 2. c4 e6 3. Nc3 Bb4 4. e3 O-O 5. Nge2 (5. Bd3) 5... d5 6. a3
Be7 (6... Bd6) 7. Nf4 {[%cal Gc4d5,Gf4d5]} (7. cxd5 {La grande ligne}) 7... c6
{91} 8. Be2 (8. Bd3 $142 Nbd7 9. O-O dxc4 10. Bxc4 e5 $132) 8... Nbd7 9. cxd5 (
9. O-O dxc4 10. Bxc4 e5 11. Nfe2 exd4 12. exd4 Nb6 13. Bb3 Nbd5 14. Re1 Be6 15.
Bg5 Re8 16. Ng3 h6 17. Bxf6 Bxf6 18. Nh5 Nc7 19. Nxf6+ Qxf6 20. Ne4 Qe7 21. h3
Bxb3 22. Qxb3 Nd5 23. Qg3 b6 24. Kf1 Qd7 25. Nd6 Rxe1+ 26. Rxe1 Rd8 27. Ne4 Kf8
28. Nd2 Qf5 29. Rc1 Nf4 30. Nb3 Qb5+ {0-1 (30) Narciso Dublan,M (2551)-Nikolov,
M (2542) Navalmoral 2012}) 9... exd5 {90} 10. O-O Bd6 {81} 11. Qc2 Qc7 $146 {68
} (11... a5 12. Bd3 Re8 13. f3 Bxf4 14. exf4 b6 15. f5 Ba6 16. Bxa6 Rxa6 17.
Bg5 h6 18. Bh4 b5 19. Rfe1 Ra8 20. Rxe8+ Qxe8 21. Re1 Qf8 22. Ne2 Rc8 23. Nf4
a4 24. Rc1 Qd6 25. Nd3 Nb6 26. Bg3 Qd8 27. Qc5 Nfd7 28. Qd6 Nc4 29. Qf4 Qf8 30.
Bh4 f6 31. Re1 Qf7 32. Qg4 Re8 33. Re6 h5 34. Qh3 Nf8 35. Nf4 b4 36. Be1 bxa3
37. bxa3 Rb8 38. Rxc6 Rb1 39. Kf2 Qe8 40. Re6 Qb8 41. Nxd5 {Khamdamov,S (2150)
-Azarov,S (2556) Mallorca 2004 1-0 (62)}) (11... Re8) 12. g3 b6 13. f3 Bxf4 14.
exf4 (14. gxf4 c5 (14... Bb7 15. e4)) 14... c5 15. Be3 Bb7 {44} 16. Rfe1 Bc6
17. dxc5 bxc5 18. Na4 Rac8 19. Rac1 (19. Nxc5) 19... c4 20. b4 Ne8 {[%cal
Ge8d6]} 21. Bf1 $1 {[%cal Gf1h3,Gh3c8]} Nd6 22. Bh3 Rce8 23. Bf2 Bb5 {Suite
illisible et gain Noir au 49ème coup} 0-1

[Event "Metz op 31th"]
[Site "Metz"]
[Date "2013.04.25"]
[Round "9"]
[White "Manolache, Marius"]
[Black "Bellahcene, Bilel"]
[Result "1-0"]
[WhiteElo "2501"]
[BlackElo "2367"]
[Annotator "Metz Alekhine/Primel,D"]
[PlyCount "89"]
[EventDate "2013.04.20"]
[EventType "swiss"]
[EventRounds "9"]
[EventCountry "FRA"]
[SourceTitle "EXT 2016"]
[Source "ChessBase"]
[SourceDate "2015.10.08"]
[SourceVersion "1"]
[SourceVersionDate "2015.10.08"]
[SourceQuality "1"]
[TimeControl "40/5400:1800+30"]
[WhiteClock "1:30:00"]
[BlackClock "1:30:00"]

1. d4 Nf6 {86} 2. c4 e6 3. Nc3 Bb4 4. e3 O-O 5. Nge2 (5. Bd3) 5... d5 (5... Re8
{[%cal Gb4f8]} 6. a3 Bf8 7. d5 {Gurevich,M (2672)-Stocek,J (2543) EU-ch 5th
Antalya 2004 (3) 1-0}) 6. a3 Bd6 (6... Be7 {La ligne principale évite de
perdre un tempo après la poussée c4c5}) 7. c5 Be7 8. Nf4 (8. b4 b6 (8... c6))
8... b6 (8... c6) 9. b4 a5 (9... c6 10. Nd3 a5 11. Bd2 {Aronian,L (2693)
-Jakovenko,D (2608) EU-ch 6th Warsaw 2005 (9) 1/2-1/2}) 10. Rb1 {86} (10. Bb2
c6 11. Be2 Nbd7 12. O-O Ba6 $11 {Caruana,F (2767)-Palac,M (2593) ITA-chT
Arvier 2012 (1) 1/2-1/2}) (10. Bd2 {[%cal Gf2f3,Ge3e4,Gf1d3]} c6 11. Be2 Ba6
12. Nd3 Nbd7 13. O-O Qc7 14. f3 Qb7 15. Be1 (15. e4 $143 dxe4 16. fxe4 Bxd3 17.
Bxd3 e5 $132) 15... axb4 16. axb4 {Greenfeld,A (2556)-Raznikov,D (2462) Dieren
op 2012 (3) 1/2-1/2}) 10... c6 {90} 11. Be2 Nbd7 (11... Ba6 {Semble plus
logique après avoir attendu la sortie Be2} 12. Bxa6 Rxa6 $11) 12. O-O $146 (
12. Nd3 Ba6 13. O-O {Dubov,D (2569)-Bocharov,D (2600) RUS-ch Higher League
65th 2012 (9) 1-0}) 12... Qc7 13. Bd2 {67} axb4 {85} (13... bxc5 14. bxc5 Ba6)
14. axb4 bxc5 15. bxc5 Ba6 $11 16. Bxa6 Rxa6 17. Nd3 (17. Qe2 Rfa8) 17... e5 {
75} 18. Rb3 {[%emt 0:00:58]} Raa8 (18... Rfa8 19. Nb4 R6a7) 19. Nb4 Rfe8 20.
Qc2 Bd8 $1 {[%cal Gc7c8,Gd8a5] Un plan astucieux pour activer le B et si
nécessaire, l'échanger.} 21. h3 Qc8 22. Rfb1 $32 {[%csl Rc8]} Ba5 23. R3b2
exd4 24. exd4 Bxb4 (24... Ne4 $132) 25. Rxb4 Ne4 $132 26. Bf4 (26. Be3) 26...
Nxc3 (26... Ndf6 {[%cal Ge4c3,Gf6e4]} 27. Rb7 Nxc3 28. Qxc3 Ne4 {[%csl Ge4]}
29. Qf3) 27. Qxc3 Nf8 {[%cal Gf8g6]} (27... Nf6 28. Be5 Ne4 (28... Qf5)) 28.
Qg3 Qf5 (28... Ne6 29. Be5 $14 {[%csl Ge5,Rg7]}) (28... Ng6) 29. Kh2 Qg6 30.
Qf3 {[%emt 0:00:18]} (30. Rb6 Qxg3+ 31. Kxg3 Rec8 32. Rb7 Ne6 33. Be3 Ra4 34.
Re7 Nxd4 35. Bxd4 Rxd4 36. Rbb7 Rf8 37. Rbc7 $16) 30... Qf6 {[%emt 0:00:35]}
31. Qg3 {Répète les coups pour gagner du temps avec l'incrément et tester
les intentions de l'adversaire} Qg6 {Sans surprise, les Noirs répètent les
coups en espérant la nulle mais les Blancs n'ont aucune raison de répéter
03 fois la position.} 32. Rb6 Ne6 33. Be3 Qxg3+ $6 34. Kxg3 $14 {[%csl Ge3,Gg3,
Rg8]} Rec8 35. R1b4 h5 36. h4 Kh7 37. Kf3 Kg6 38. Rb7 Nc7 39. R4b6 Nb5 40. Rd7
Ra4 $2 (40... Ra7 41. Rbb7 Rxb7 42. Rxb7 $11) (40... f6) 41. Rxd5 f6 42. Rd7
Nc3 43. Rbb7 Rg8 44. Rbc7 Ra6 45. Rd6 1-0

[Event "Dos Hermanas op 4th"]
[Site "Dos Hermanas"]
[Date "2004.03.31"]
[Round "7"]
[White "Milov, Vadim"]
[Black "Cheparinov, Ivan"]
[Result "1-0"]
[WhiteElo "2632"]
[BlackElo "2550"]
[Annotator "Milov,V"]
[PlyCount "89"]
[EventDate "2004.03.25"]
[EventType "swiss"]
[EventRounds "9"]
[EventCountry "ESP"]
[SourceTitle "CBM 099 Extra"]
[Source "ChessBase"]
[SourceDate "2004.05.04"]
[SourceVersion "1"]
[SourceVersionDate "2004.05.04"]
[SourceQuality "1"]

1. d4 Nf6 2. c4 e6 3. Nc3 Bb4 4. e3 O-O 5. Nge2 d5 6. a3 Be7 7. cxd5 Nxd5 8.
Bd2 Nd7 9. g3 b6 10. Nxd5 exd5 11. Bg2 Bb7 12. O-O Re8 (12... Nf6 13. Rc1 Ne4
$13) 13. Qc2 Bd6 14. Rac1 Qe7 15. Nc3 Nf6 (15... c6 $2 16. e4 dxe4 17. Nxe4 Bc7
18. Rfe1 $16) 16. Nb5 c6 (16... Ne4 17. Rfd1 $14) 17. Nxd6 Qxd6 18. f3 $14 Nd7
19. Rfe1 c5 20. Bc3 Re7 21. b4 cxd4 22. Bxd4 Ne5 23. Qc3 f6 24. f4 Nf7 (24...
Nc4 25. e4) 25. Qb3 (25. a4 Rc8 26. Qb3 Rec7 27. Rxc7 Rxc7 28. a5 Rc4 29. Rb1
Nd8 30. axb6 axb6 31. Qa4 $14) 25... Qe6 26. a4 $1 Nd6 27. a5 Nc4 (27... bxa5
28. bxa5 Ne4 29. Qa3 $14) 28. e4 $1 b5 (28... Nd2 29. Qa2 (29. Qe3 Nxe4 30.
axb6 axb6 31. Bxb6 Ba6 32. Qd4 $14) 29... Nxe4 30. a6 Bc8 31. Rcd1 f5 (31...
Qf7 32. Bxb6 axb6 33. Rxe4) 32. Be5 Rd7 33. g4 g6 34. b5 $16) (28... bxa5 29.
exd5 (29. bxa5 Nd2 30. Qa2 Nxe4) 29... Qxe1+ 30. Rxe1 Rxe1+ 31. Kf2 Rc1 32.
bxa5 Nxa5 33. Qb5 Rc2+ 34. Kg1 Rc1+ 35. Bf1 Rd1 36. Qa4 $18) 29. e5 $16 f5 (
29... fxe5 30. fxe5 Rf7 31. Qd1 $16 {/\32.Qh5, Bg2-h3}) 30. Qd3 $40 {>>,פc4}
Rf7 31. Re2 a6 32. Bf3 Rd8 33. Rg2 Bc8 34. Rf1 g6 35. h3 {/\g3-g4-g5, h3-h4-h5,
h5-g6 <->h} h6 $2 36. g4 Kh7 37. g5 $18 Rg8 (37... h5 38. Bxh5) 38. gxh6 Qc6
39. Kh2 Be6 40. Rfg1 Kxh6 41. Qe2 Rgg7 42. Qe1 Kh7 43. Qh4+ Kg8 44. Rxg6 Nd2
45. Qd8+ (45. Qd8+ Kh7 46. Rh6+) 1-0

[Event "SUI-chT"]
[Site "Switzerland"]
[Date "2004.06.13"]
[Round "5.2"]
[White "Milov, Vadim"]
[Black "Gavrikov, Viktor"]
[Result "1-0"]
[WhiteElo "2680"]
[BlackElo "2565"]
[Annotator "Milov,V"]
[PlyCount "49"]
[EventDate "2004.02.29"]
[EventType "team-tourn"]
[EventRounds "9"]
[EventCountry "SUI"]
[SourceTitle "CBM 101"]
[Source "ChessBase"]
[SourceDate "2004.07.27"]
[SourceVersion "1"]
[SourceVersionDate "2004.07.27"]
[SourceQuality "1"]
[WhiteTeam "Biel"]
[BlackTeam "Sorab"]
[WhiteTeamCountry "SUI"]
[BlackTeamCountry "SUI"]

1. d4 Nf6 2. c4 e6 3. Nc3 Bb4 4. e3 O-O 5. Nge2 d5 6. a3 Be7 7. cxd5 exd5 8. b4
c6 9. Ng3 Re8 10. Bd3 Nbd7 11. O-O b6 $6 (11... g6) (11... Nf8) 12. Qf3 (12. b5
c5 13. Qf3 (13. Nf5 Bf8) 13... Bb7 14. Bb2 $14) 12... Bb7 (12... g6 13. b5 (13.
e4 dxe4 14. Ngxe4 Nf8) 13... Bb7 14. bxc6 Bxc6 15. a4 $16) 13. Nf5 g6 (13...
Bf8 14. e4 (14. Qg3 g6 15. Nd6 $2 (15. Bb2 Nh5 16. Qf3 Ndf6 $11) 15... Bxd6 16.
Qxd6 Re5 $3 17. dxe5 Ne8) 14... dxe4 15. Nxe4 Nxe4 16. Bxe4 g6 (16... Nf6 17.
Bg5 Rxe4 18. Bxf6 Qd5 19. Nxg7 Bc8 20. Nh5 Bg4 21. Qg3 $16) 17. Nh6+ (17. Ng3
Bg7 18. Be3 Nf6 19. Bxc6 Bxc6 20. Qxc6 Re6 $44) 17... Bxh6 18. Bxh6 Nf6 19.
Bxc6 (19. Bg5 Rxe4 20. Bxf6 Qd5) 19... Bxc6 20. Qxc6 Qxd4 21. Rad1 Qe5 22. Qf3
Rac8 23. Rd3 $14) 14. Nh6+ $1 (14. Nxe7+ Qxe7 15. Qe2 $14 (15. Rb1 {/\16.a4}
Ne4)) 14... Kg7 15. e4 $40 dxe4 $8 16. Nxe4 (16. Bxe4 {/\17.Bc6,17.b5} a6 17.
Bxc6 (17. Bg5 $5 Qc7 18. Rac1 $36) 17... Bxc6 18. Qxc6 Rc8 19. Qf3 Qc7 20. Bd2
Qd6 21. Rad1 $16) 16... Qc8 (16... c5 17. Nxf7 $1 Bxe4 18. Bh6+ $1 Kg8 (18...
Kxf7 19. Bc4+) 19. Bxe4 $18) (16... Nf8 17. Bc4 $1 (17. g4 Qd5 $8 $13) (17. Bf4
Qxd4 $13 18. Rad1 c5) 17... Qxd4 18. Nxf6 Qxf6 (18... Bxf6 19. Ng4) 19. Qb3
Qxa1 20. Ng4 $1 $18) (16... Rf8 17. Ng5 Nd5 18. Qxf7+ Rxf7 19. Ne6+ Kf6 20. Re1
$1 $18 {Gavrikov}) 17. Bc4 (17. Ng5 $6 c5 18. Qh3 (18. Qg3 Nh5) 18... Nf8 $13)
(17. Nxf7 $2 Kxf7 18. Bh6 Kg8) 17... Rf8 (17... c5 18. Nxf7 $1 Bxe4 19. Bh6+
Kg8 20. Ng5+ (20. Qb3 $5) 20... Kh8 21. Nxe4 Nxe4 22. Qxe4 Bg5 (22... Bf8 23.
Qh4 Bxh6 24. Qxh6 cxd4 25. Bd5 $16) 23. Qxe8+ Qxe8 24. Bxg5 cxd4 25. Rfe1 $36)
(17... Ba6 18. Ba2 $3 (18. Bxa6 Qxa6 19. Ng5 (19. Nxf6 Nxf6 20. Qxc6 $2 Rac8
21. Qf3 Rxc1) 19... Rf8 $13) 18... Bxf1 (18... Nxe4 19. Nxf7 h5 20. Qxe4 Bxf1
21. Qf4 $18) (18... Rf8 19. Re1) 19. Nxf7 Ng8 (19... Nd5 20. Bh6+ Kg8 21. Nfd6
$18) 20. Kxf1 Rf8 21. Qh3 (21. Be6 $5) 21... Rxf7 22. Bxf7 Kxf7 23. Qxh7+ Kf8
24. Qxg6 $16) 18. Ng5 Nd5 (18... Ba6 19. Bxf7 Bxf1 (19... Rxf7 $2 20. Ne6+) 20.
Ne6+ Kh8 21. Nxf8 Bxf8 22. Kxf1 $16) (18... c5 19. Qg3 (19. Qh3 cxd4 20. Bxf7
Ne5 $13) (19. Qb3 Qc6) 19... Nh5 (19... cxd4 20. Bxf7 Qc3 21. Ne6+ Kh8 22. Nxf8
$18) 20. Qb3 $1 cxd4 (20... Qc6 21. d5) 21. Nhxf7 $40) 19. Bxd5 (19. Ngxf7 Qe8
20. Qh3 $16) (19. Nhxf7 $2 Bxg5) 19... cxd5 20. Re1 $18 Bf6 21. Qh3 {/\22.Nf5}
Bxg5 22. Bxg5 Bc6 23. Re7 Nf6 24. Qf3 Nh5 25. Rxf7+ 1-0

[Event "Al Ain op 4th"]
[Site "Al Ain"]
[Date "2015.12.28"]
[Round "7"]
[White "Gupta, Abhijeet"]
[Black "Lalith, Babu MR"]
[Result "1-0"]
[WhiteElo "2613"]
[BlackElo "2553"]
[Annotator "Mokal,P"]
[PlyCount "83"]
[EventDate "2015.12.23"]
[EventType "swiss"]
[EventRounds "9"]
[EventCountry "UAE"]
[SourceTitle "CBM 170"]
[Source "ChessBase"]
[SourceDate "2016.01.15"]
[SourceVersion "1"]
[SourceVersionDate "2016.01.15"]
[SourceQuality "1"]

1. d4 Nf6 2. c4 e6 3. Nc3 Bb4 4. e3 O-O 5. Nge2 d5 6. a3 Bd6 7. Ng3 c5 8. dxc5
Bxc5 9. b4 Be7 10. cxd5 exd5 ({An interesting alternative is} 10... Nxd5 $5 {
since Black can neutralise the threats and tension on the a1-h8/^ soon, for
example} 11. Nxd5 exd5 12. Bd3 (12. Bb2 Bf6 $13) 12... Bf6 $13 {with a
playable position.}) 11. Bd3 a5 $5 {[%csl Gc5][%cal Gb4b5,Gb8d7,Gd7c5] Lalith
Babu wants to use the c5-square for his N rather than the previously used
c4-square.} ({Alexandr Fier has played some interesting games in this line. He
has not necessarily achieved an advantage but got playable positions worth
trying, for example} 11... Nc6 12. Nce2 a5 13. b5 Ne5 14. Bb2 Nc4 15. Bc3 Be6 (
15... a4 16. O-O Bg4 17. h3 Be6 18. Nd4 g6 19. Qb1 Nxa3 20. Rxa3 Bxa3 21. Bxg6
hxg6 (21... Qc7 $5) 22. Nxe6 $13 {1-0 Fier,A (2592)-Eggleston,D (2416)/
Hampstead 2014/CBM 164 Extra (69)}) (15... Bg4 16. h3 Bxe2 17. Qxe2 Nxa3 18.
O-O Bb4 19. Bd4 Re8 20. Rfc1 $44 {[%csl Gd3,Gd4,Gg3][%cal Gd4g7,Gd3h7,Gg3h5] 1/
2-1/2 Fier,A (2570)-Parligras,M (2574)/Tromso 2014/CBM 162 (56)}) 16. O-O Re8
17. Nf4 Rc8 18. Bd4 g6 19. Ra2 (19. Nfh5 gxh5 20. Nxh5 Nd6 $17) 19... Bc5 20.
Qa1 Bxd4 21. Qxd4 Qe7 22. a4 $14 {1-0 Fier,A (2612)-Kveinys,A (2507)/Cappelle
la Grande 2015/CBM 165 Extra (42)}) 12. b5 Re8 13. O-O Nbd7 14. Bb2 Nc5 15.
Nce2 Be6 16. Nf4 Bf8 17. Bc2 Rc8 18. Rc1 g6 {Interestingly Black has the
isolated pawn and White is attacking. All White's minor pieces seem to be
either aiming at, or gathering around the black monarch, so sooner or later an
attacking sacrifice is likely to be in the offing.} 19. Ngh5 $2 {Gupta decides
that it is sooner rather than later. But this is too early and a result of
miscalculation.} ({If White manoeuvres a bit, for example with} 19. Nge2 $5 $14
{he is still going to main a slight edge due to his well-placed pieces and
Black's isolated P.}) 19... Nxh5 20. Nxh5 gxh5 21. Qxh5 ({Apparently Gupta,
and a few curious onlookers thought that it was mate on h8 now after} 21. Bxh7+
$2 Kxh7 22. Qxh5+ {but they had simply overlooked} Bh6 $19 {. Maybe a blind
spot?}) 21... f5 $6 ({Black's best was} 21... Ne4 22. f3 Qg5 23. Qxg5+ Nxg5 24.
h4 {White wins back the piece but Black has} Bc5 $17 {creating problems on e3.}
) 22. Bxf5 Bxf5 23. Qxf5 {White has 2Ps for the piece but the black K is
exposed making things a bit tense. Still, with precise play Black should be
all right.} Qd7 24. Qh5 Bg7 25. Bxg7 Kxg7 26. Rcd1 Rcd8 (26... Red8 $5 {
[%cal Gc8c1]}) 27. Rd4 Ne4 28. f3 Nf6 $2 {Black had done most things right
till now but here he slips. This move allows White to keep the black K
stranded in the middle of the board.} (28... Nc3 $142 $5 {so that} 29. Qg5+ {
could be answered by} Kh8 $15) 29. Qg5+ {[%csl Rf6]} Kf7 30. Rf4 Qe6 31. e4 d4
$2 (31... Rg8 32. Qh5+ Ke7 33. Qh4 Kf7 34. Qxh7+ Rg7 35. Qh6 Rdg8 36. g3 Rg6
37. Qh7+ R8g7 38. Qh8) 32. Qh6 {[%cal Gh6h7] /\Qh7.} Ke7 (32... Rg8 {does not
help now, since White has} 33. Rc1 {[%cal Gc1c7]} Rd7 (33... d3 34. Rc7+ Rd7
35. Rxf6+ Qxf6 36. Rxd7+ $18) 34. Rc5 {[%cal Ge4e5]} d3 35. e5 $18 {[%cal
Gf4f6]}) 33. Qh4 {[%cal Ge4e5] /\e5} Qe5 34. Rf5 Qe6 35. Rf4 Qe5 36. Rf5 {
A repetition to get closer to the 40-move mark.} Qe6 37. f4 {[%cal Gf5e5] And
now Back cannot stop Re5 without losing some material.} ({Another possibility
was} 37. Qf4 {[%cal Ge4e5,Gf5e5]} Nd7 (37... Qb6 38. e5 d3+ 39. Kh1 $18 {
[%cal Gf5f7]}) 38. Qg5+ Kd6 39. Rc1 {[%cal Gf5d5]} Qg6 40. Qf4+ Ke6 (40... Ke7
41. Qh4+ Ke6 42. Rg5 Qf6 43. Qh3+ Kd6 (43... Ke7 44. Qxh7+ $18) 44. Rd5+ Ke7
45. Rc7 $18) 41. Rg5 Qf6 42. Qg4+ Kd6 43. Rd5+ Ke7 44. Rc7 $18) 37... d3 $6 (
37... Kd7 $142 38. Rxf6 Qxe4 39. Rf7+ Re7 (39... Kc8 40. Qxh7 $18) 40. Rxe7+
Qxe7 $16) 38. Re5 d2 39. Rd1 h5 40. Rxe6+ Kxe6 41. Qh3+ Kf7 42. e5 1-0